| 000 -LEADER |
| fixed length control field |
01821cam a22004577i 4500 |
| 001 - CONTROL NUMBER |
| control field |
18569915 |
| 003 - CONTROL NUMBER IDENTIFIER |
| control field |
NUST |
| 005 - DATE AND TIME OF LATEST TRANSACTION |
| control field |
20190531053840.0 |
| 008 - FIXED-LENGTH DATA ELEMENTS--GENERAL INFORMATION |
| fixed length control field |
150409t20162016caua b 001 0 eng c |
| 010 ## - LIBRARY OF CONGRESS CONTROL NUMBER |
| LC control number |
2015938391 |
| 020 ## - INTERNATIONAL STANDARD BOOK NUMBER |
| International Standard Book Number |
9781473902480 (hardback) |
| 020 ## - INTERNATIONAL STANDARD BOOK NUMBER |
| International Standard Book Number |
1473902487 (hardback) |
| 020 ## - INTERNATIONAL STANDARD BOOK NUMBER |
| International Standard Book Number |
9781473902497 (paperback) |
| 020 ## - INTERNATIONAL STANDARD BOOK NUMBER |
| International Standard Book Number |
1473902495 (paperback) |
| 035 ## - SYSTEM CONTROL NUMBER |
| System control number |
(OCoLC)ocn930445694 |
| 038 ## - RECORD CONTENT LICENSOR |
| Staff Name |
AZHAR |
| 040 ## - CATALOGING SOURCE |
| Original cataloging agency |
YDXCP |
| Language of cataloging |
eng |
| Transcribing agency |
YDXCP |
| Description conventions |
rda |
| Modifying agency |
DHA |
| -- |
OCLCO |
| -- |
SINIE |
| -- |
OSU |
| -- |
PUL |
| -- |
NLGGC |
| -- |
CDX |
| -- |
IUL |
| -- |
FHS |
| -- |
VU@ |
| -- |
DLC |
| 042 ## - AUTHENTICATION CODE |
| Authentication code |
pcc |
| 050 00 - LIBRARY OF CONGRESS CALL NUMBER |
| Classification number |
H62 |
| Item number |
.S31856 2016 |
| 082 ## - DEWEY DECIMAL CLASSIFICATION NUMBER |
| Classification number |
300.72 |
| Author Mark |
SAL |
| 084 ## - OTHER CLASSIFICATION NUMBER |
| Classification number |
70.03 |
| Number source |
bcl |
| 100 1# - MAIN ENTRY--PERSONAL NAME |
| Personal name |
Saldaña, Johnny, |
| Relator term |
author. |
| 9 (RLIN) |
14691 |
| 245 14 - TITLE STATEMENT |
| Title |
The coding manual for qualitative researchers / |
| Statement of responsibility, etc. |
Johnny Saldaña. |
| 250 ## - EDITION STATEMENT |
| Edition statement |
3E [Third edition]. |
| 264 #1 - PRODUCTION, PUBLICATION, DISTRIBUTION, MANUFACTURE, AND COPYRIGHT NOTICE |
| Place of production, publication, distribution, manufacture |
Los Angeles ; |
| -- |
London : |
| Name of producer, publisher, distributor, manufacturer |
SAGE, |
| Date of production, publication, distribution, manufacture, or copyright notice |
[2016] |
| 264 #4 - PRODUCTION, PUBLICATION, DISTRIBUTION, MANUFACTURE, AND COPYRIGHT NOTICE |
| Date of production, publication, distribution, manufacture, or copyright notice |
©2016 |
| 300 ## - PHYSICAL DESCRIPTION |
| Extent |
xiv, 339 pages : |
| Other physical details |
illustrations ; |
| Dimensions |
25 cm |
| 336 ## - CONTENT TYPE |
| Content type term |
text |
| Content type code |
txt |
| Source |
rdacontent |
| 337 ## - MEDIA TYPE |
| Media type term |
unmediated |
| Media type code |
n |
| Source |
rdamedia |
| 338 ## - CARRIER TYPE |
| Carrier type term |
volume |
| Carrier type code |
nc |
| Source |
rdacarrier |
| 500 ## - GENERAL NOTE |
| General note |
First edition published in 2009. Second edition published 2013. |
| 504 ## - BIBLIOGRAPHY, ETC. NOTE |
| Bibliography, etc. note |
Includes bibliographical references (pages 315-331) and index. |
| 505 0# - FORMATTED CONTENTS NOTE |
| Formatted contents note |
An introduction to codes and coding -- Writing analytic memos about narrative and visual data -- First cycle coding methods -- After first cycle coding -- Second cycle coding methods -- After second cycle coding. |
| 650 #0 - SUBJECT ADDED ENTRY--TOPICAL TERM |
| Topical term or geographic name entry element |
Qualitative research. |
| 9 (RLIN) |
1575 |
| 650 #0 - SUBJECT ADDED ENTRY--TOPICAL TERM |
| Topical term or geographic name entry element |
Qualitative research |
| General subdivision |
Data processing. |
| 9 (RLIN) |
14692 |
| 650 #0 - SUBJECT ADDED ENTRY--TOPICAL TERM |
| Topical term or geographic name entry element |
Social sciences |
| General subdivision |
Research. |
| 9 (RLIN) |
3653 |
| 906 ## - LOCAL DATA ELEMENT F, LDF (RLIN) |
| a |
7 |
| b |
cbc |
| c |
pccadap |
| d |
2 |
| e |
ncip |
| f |
20 |
| g |
y-gencatlg |
| 942 ## - ADDED ENTRY ELEMENTS (KOHA) |
| Source of classification or shelving scheme |
|
| Koha item type |
Book |